书目信息 |
| 题名: |
理论力学动力学实验指导
|
|
| 作者: | 王凤勤 , 葛玉梅 , 王重实 编 | |
| 分册: | ||
| 出版信息: | 成都 西南交通大学出版社 2004.8 |
|
| 页数: | 95页 | |
| 开本: | 26cm | |
| 丛书名: | ||
| 单 册: | ||
| 中图分类: | O313-33 | |
| 科图分类: | ||
| 主题词: | 动力学--dong li xue--实验--自学参考资料 , 动力学--dong li xue | |
| 电子资源: | ||
| ISBN: | 7-81057-946-0 | |
| 000 | 01047cam0 2200277 450 | |
| 001 | 012005008006 | |
| 005 | 20051021101010.1 | |
| 010 | @a7-81057-946-0@dCNY9.80 | |
| 100 | @a20050716d2004 em y0chiy0121 ea | |
| 101 | 0 | @achi |
| 102 | @aCN@b510000 | |
| 105 | @afk z 000yy | |
| 200 | 1 | @a理论力学动力学实验指导@Ali lun li xue dong li xue shi yan zhi dao@f王凤勤,葛玉梅,王重实编 |
| 210 | @a成都@c西南交通大学出版社@d2004.8 | |
| 215 | @a95页@c图@d26cm | |
| 330 | @a本书是在王凤勤编写的《理论力学动力学综合实验》基础上,并通过教学实践后修订、充实而成,全书包括4个方面内容:理论力学动力学综合实验所涉及的主要仪器设备和装置、基本实验、选做实验、实验报告等。 | |
| 333 | @a阅读对象:土木工程、机械工程等专业师生 | |
| 606 | 0 | @a动力学@Adong li xue@x实验@j自学参考资料 |
| 606 | 0 | @a动力学@Adong li xue |
| 690 | @aO313-33@v4 | |
| 701 | 0 | @a王凤勤@Awang feng qin@4编 |
| 701 | 0 | @a葛玉梅@Age yu mei@4编 |
| 701 | 0 | @a王重实@Awang zhong shi@4编 |
| 801 | 0 | @aCN@bSRXX@c20041226 |
| 801 | 2 | @aCN@bSRXX@c20051021 |
| 905 | @a10447@dO313-33@eW170 | |
| 理论力学动力学实验指导/王凤勤,葛玉梅,王重实编.-成都:西南交通大学出版社,2004.8 |
| 95页:图;26cm |
| 使用对象:阅读对象:土木工程、机械工程等专业师生 |
| ISBN 7-81057-946-0:CNY9.80 |
| 本书是在王凤勤编写的《理论力学动力学综合实验》基础上,并通过教学实践后修订、充实而成,全书包括4个方面内容:理论力学动力学综合实验所涉及的主要仪器设备和装置、基本实验、选做实验、实验报告等。 |
| ● |
| 相关链接 |
|
|
|
正题名:理论力学动力学实验指导
索取号:O313-33/W170
 
预约/预借
| 序号 | 登录号 | 条形码 | 馆藏地/架位号 | 状态 | 备注 |
| 1 | 542016 | 205420169 | 自科库401/401自科库 82排2列4层/ [索取号:O313-33/W170] | 在馆 | |
| 2 | 542017 | 205420178 | 自科库401/401自科库 82排2列4层/ [索取号:O313-33/W170] | 在馆 | |
| 3 | 542018 | 205420187 | 自科库401/401自科库 82排2列4层/ [索取号:O313-33/W170] | 在馆 |